000 01202cam a2200325 i 4500
001 26472
003 Mx-PuUPA
005 20260314095506.0
008 140415s2002 mx a gr 000 0 spa d
020 _a96865100
040 _cMx-PuUPA
_aMx-PuUPA
_bspa
_dMx-PuUPA
_erda
041 0 _aspa
043 _an-mx---
100 1 _aEscalada, Xavier,
_dmurió 2006?,
_eautor
_96467
245 1 0 _aJuan Diego :
_barte y espíritu /
_cdirección y textos, Xavier Escalada
264 3 _aMéxico, D.F. :
_bEnciclopedia Guadalupana,
_c2002
300 _a177 páginas :
_bilustraciones (en color) ;
_c31 cm
336 _2rdacontent
_atexto
_btxt
337 _2rdamedia
_asin medio
_bn
338 _2rdacarrier
_avolumen
_bnc
600 0 4 _aJuan Diego,
_d1474 - 1548
_xArte
600 0 4 _aJuan Diego,
_d1474 - 1548
_xCulto
_zMéxico
600 0 4 _aJuan Diego,
_cSanto,
_d1474 - 1548
_xApariciones y milagros
600 0 4 _aMaría (Madre de Jesucristo)
_xApariciones y milagros
_zMéxico, Guadalupe Hidalgo
600 0 4 _aMaría (Madre de Jesucristo) en el Arte
600 0 4 _aNuestra Señora de Guadalupe (Pintura)
942 _2ddc
_cLI
_h704.9482
_iJ52
999 _c26472
_d26472